00744nam a2200253 i 450000100060000000300090000600500170001500700030003200800410003502000180007604000220009408000150011610000250013124501200015625000120027626000420028830000220033049000130035250000120036570000250037783000270040283000280042985200330045766624ES-MaACL20250707071303.0t|960919s1995 sp ||||0| spa d a84-88730-74-8 aM-BN bspa cM-BN a860-94"19"1 aAub, Max,d1903-197213aLa gallina ciega b: diario español / cMax Aub ; edición, estudio introductorio y notas de Manuel Aznar Soler. a2ª ed. aBarcelona : bAlba Editorial, c1995. a621 p. ; c21 cm.1 aA ; v11 aIndice.1 aAznar Soler, Manuel.00aA (Alba Editorial)v11 0aA (Alba Editorial)v11. aES-MaACLjL-27096 bR.132592